000 00503nam a2200169Ia 4500
003 GCL
008 140319s9999 xx 000 0 eng d
040 _aGCL /
_cGCL
082 0 4 _a658.562
_bS N
100 1 _aSTEIM, ROBERT E.
245 1 0 _aThe Next Phase of Total Quality Managemt: Tom II and the Focus on Profitability /
_cSTEIM, ROBERT E.
260 _a[S.N] :
_bMARCEL DEKKER, INC ،
_c1993
300 _a231 P
650 0 4 _aTOTAL QUALITY
650 0 4 _aTOTAL QUALITY MANAGEMENT
942 _2ddc
_cBK
999 _c20356
_d20356